[Event "Lapis Lazuli"]
[Site "SchemingMind.com"]
[Date "2006.10.19"]
[Round "-"]
[White "Chess Tiger"]
[Black "C. H. O'D. Schlechter"]
[Result "1/2-1/2"]
[WhiteCountry "GER"]
[BlackCountry "USA"]
[WhiteElo "2360"]
[WhiteRD "64"]
[BlackElo "2362"]
[BlackRD "68"]
[GameID "72732"]

1. e4 e5 2. Nf3 Nc6 3. Bb5 a6 4. Ba4 Nf6 5. O-O Nxe4 6. d4 b5 7. Bb3 d5 8. dxe5 Be6 9. Nbd2 Nc5 10. c3 Bg4
11. Bc2 Ne6 12. Re1 Bc5 13. Nb3 Ba7 14. a4 Ne7 15. h3 Bh5 16. Qe2 c6 17. Be3 Bxe3 18. Qxe3 Bxf3 19. Qxf3 O-O 20. Qg4 c5
21. h4 Qb6 22. h5 bxa4 23. Rxa4 c4 24. Rb4 Qa7 25. Nd4 Nxd4 26. cxd4 f5 27. exf6 Rxf6 28. Qg5 Raf8 29. h6 Nf5 30. Bxf5=
1/2-1/2

[Event "Lapis Lazuli"]
[Site "SchemingMind.com"]
[Date "2006.10.23"]
[Round "-"]
[White "C. H. O'D. Schlechter"]
[Black "Chess Tiger"]
[Result "1/2-1/2"]
[WhiteCountry "USA"]
[BlackCountry "GER"]
[WhiteElo "2362"]
[WhiteRD "68"]
[BlackElo "2360"]
[BlackRD "64"]
[GameID "72733"]

1. d4 d5 2. Bf4 c5 3. e3 Nc6 4. c3 Qb6 5. Qb3 c4 6. Qc2 Nf6 7. b3 cxb3 8. axb3 g6 9. b4 Bf5 10. Qa4 Nh5
11. Bg3 Bg7 12. Nf3 O-O 13. b5 Nb8 14. Qb3 Nd7 15. Be2 Nxg3 16. hxg3 Qd6 17. Nbd2 e5 18. dxe5 Nxe5 19. O-O Bd3 20. Nd4 Rfc8
21. Rfd1 Qd7 22. Bxd3 Nxd3 23. e4 dxe4 24. Nxe4 Nc5 25. Nxc5 Rxc5 26. Nc6 Rxc3 27. Rxd7= Rxb3 28. Rxa7 Rxa7 29. Nxa7 b6 30. g4 Bf8
31. f3 Bc5+ 32. Kh2 h6=
1/2-1/2

[Event "Lapis Lazuli"]
[Site "SchemingMind.com"]
[Date "2006.10.25"]
[Round "-"]
[White "Nenad"]
[Black "C. H. O'D. Schlechter"]
[Result "0-1"]
[WhiteCountry "SLO"]
[BlackCountry "USA"]
[WhiteElo "2227"]
[WhiteRD "72"]
[BlackElo "2362"]
[BlackRD "68"]
[GameID "72884"]

1. e4 e5 2. f4 exf4 3. Nf3 g5 4. h4 g4 5. Ne5 Nf6 6. Bc4 d5 7. exd5 Bd6 8. d4 Nh5 9. Nc3 Qe7 10. Bb5+ c6
11. dxc6 bxc6 12. Nd5 Qe6 13. Nc7+ Bxc7 14. Bc4 Qe7 15. Bxf7+ Qxf7 16. Nxf7 Kxf7 17. O-O Rf8 18. b3 Kg8 19. Ba3 Rf7 20. Qe2 Bf5
21. Qe8+ Kg7 22. d5 Bb6+ 23. Kh2 Bd4 24. dxc6 Nf6 25. Qd8 Bb6 26. Qd2 Nxc6 27. Qd6 Rd8 28. Qxc6 Be4 29. Qb5 Rd5 30. Qe2 f3
31. gxf3 gxf3 32. Qe1 Bc7+ 33. Kg1 Kg8 34. Rf2 Rh5
0-1

[Event "Lapis Lazuli"]
[Site "SchemingMind.com"]
[Date "2006.10.25"]
[Round "-"]
[White "Nenad"]
[Black "Chess Tiger"]
[Result "1/2-1/2"]
[WhiteCountry "SLO"]
[BlackCountry "GER"]
[WhiteElo "2263"]
[WhiteRD "70"]
[BlackElo "2346"]
[BlackRD "65"]
[GameID "72885"]

1. e4 c5 2. Nc3 Nc6 3. g3 g6 4. Bg2 Bg7 5. d3 d6 6. Be3 e6 7. Qd2 Nge7 8. Nge2 Nd4 9. O-O O-O 10. Nd1 d5
11. Nxd4 cxd4 12. Bh6 Bxh6 13. Qxh6 f5 14. exd5 Nxd5 15. c4 Nf6 16. Qf4 Ng4 17. f3 e5 18. Qd2 Nf6 19. Nf2 Qc7 20. f4 exf4
21. Qxf4 Qxf4 22. gxf4 Bd7 23. Rfe1 Kf7 24. Re5 Bc6 25. Bxc6 bxc6 26. Rae1=
1/2-1/2

[Event "Lapis Lazuli"]
[Site "SchemingMind.com"]
[Date "2006.10.25"]
[Round "-"]
[White "C. H. O'D. Schlechter"]
[Black "Nenad"]
[Result "1/2-1/2"]
[WhiteCountry "USA"]
[BlackCountry "SLO"]
[WhiteElo "2335"]
[WhiteRD "68"]
[BlackElo "2235"]
[BlackRD "76"]
[GameID "72886"]

1. e4 b6 2. d4 Bb7 3. Bd3 e6 4. Nf3 c5 5. c3 d6 6. O-O Nd7 7. Re1 Qc7 8. Na3 a6 9. d5 e5 10. Be3 Ne7
11. Nh4 g6 12. b4 Bg7 13. Nc4 O-O 14. Nf3 b5 15. Na5 c4 16. Bc2 Bc8 17. a4 Rb8 18. Qd2 Nb6 19. axb5=
1/2-1/2

[Event "Lapis Lazuli"]
[Site "SchemingMind.com"]
[Date "2006.10.25"]
[Round "-"]
[White "Chess Tiger"]
[Black "Nenad"]
[Result "1/2-1/2"]
[WhiteCountry "GER"]
[BlackCountry "SLO"]
[WhiteElo "2345"]
[WhiteRD "71"]
[BlackElo "2276"]
[BlackRD "84"]
[GameID "72887"]

1. e4 e5 2. Nf3 Nc6 3. Bb5 a6 4. Ba4 Nf6 5. O-O Be7 6. Re1 b5 7. Bb3 d6 8. c3 O-O 9. h3 Na5 10. Bc2 c5
11. d4 Qc7 12. Nbd2 cxd4 13. cxd4 Nc6 14. Nb3 a5 15. Be3 a4 16. Nbd2 Bd7 17. Rc1 Rac8 18. Nf1 Qb8 19. Ng3 Rfe8 20. Bb1 Bd8
21. d5 Ne7 22. Rxc8 Qxc8 23. Nh4 h6 24. Bd3 Qb7 25. Qf3 Nh7 26. Nhf5 Nxf5 27. Nxf5 Bxf5 28. Qxf5 Bg5 29. Bxg5 Nxg5 30. Rc1 Rd8
31. Rc6 Kh8 32. Rc3 Kg8 33. Qg4 b4 34. Rc4 a3 35. bxa3 bxa3 36. Qd1 Ra8 37. Qe1 Nh7 38. Qb4 Qxb4 39. Rxb4 Nf6 40. Rb6 Ne8
41. Rb7 Kf8 42. Kf1 Nf6 43. Ke2 Ra4 44. Kf3 g5 45. g3 h5 46. Ke3 g4 47. h4 Ra5 48. Bb5 Ra8 49. f4 gxf3 50. Kxf3 Ra5
51. Ke3 Ra8 52. Bc6=
1/2-1/2

[Event "Lapis Lazuli"]
[Site "SchemingMind.com"]
[Date "2006.10.23"]
[Round "-"]
[White "matein7"]
[Black "C. H. O'D. Schlechter"]
[Result "1/2-1/2"]
[WhiteCountry "USA"]
[BlackCountry "USA"]
[WhiteElo "2413"]
[WhiteRD "77"]
[BlackElo "2362"]
[BlackRD "68"]
[GameID "73152"]

1. e4 c6 2. c4 d5 3. exd5 cxd5 4. cxd5 Nf6 5. Nc3 Nxd5 6. Nf3 Nc6 7. d4 e6 8. Bd3 Nf6 9. O-O Be7 10. a3 O-O
11. Bg5 Bd7 12. Rc1 h6 13. Bf4 Rc8 14. h3 Nh5 15. Be3 Nf6 16. Ne5 Bd6 17. f4 Ne7 18. Bf2 Ned5 19. Nxd5 Nxd5 20. Qf3 Bc6
21. Nxc6 Rxc6 22. Rxc6 bxc6 23. f5 exf5 24. Rc1 Ne7 25. Bxf5 Qb8 26. Rc2 Nxf5 27. Qxf5 Qb3 28. Qe4 Qd5 29. Qxd5 cxd5 30. Rc6 Rd8
31. g4 Bf4 32. b4 Kf8 33. b5 Rd6 34. Rc5 Rd7 35. Kg2 Ke7 36. a4 Bc7 37. Rc6 Bb6 38. Kf3 Kd8 39. Kf4 Bc7+=
1/2-1/2

[Event "Lapis Lazuli"]
[Site "SchemingMind.com"]
[Date "2006.10.23"]
[Round "-"]
[White "matein7"]
[Black "Chess Tiger"]
[Result "1/2-1/2"]
[WhiteCountry "USA"]
[BlackCountry "GER"]
[WhiteElo "2406"]
[WhiteRD "75"]
[BlackElo "2346"]
[BlackRD "65"]
[GameID "73153"]

1. e4 e5 2. Nf3 Nc6 3. Bb5 a6 4. Ba4 Nf6 5. O-O Nxe4 6. d4 b5 7. Bb3 d5 8. dxe5 Be6 9. Nbd2 Nc5 10. c3 Be7
11. Bc2 Bg4 12. Re1 Qd7 13. Nf1 Rd8 14. Ne3 Bh5 15. b4 Ne6 16. Nf5 Bg6 17. Qe2 O-O 18. a4 d4 19. Rd1 Qe8 20. axb5 axb5
21. N3xd4 Nexd4 22. Nxd4 Bxc2 23. Qxc2 Nxe5 24. Bf4 Bf6 25. h3 Nc6 26. Nf3 Rd7 27. Ng5 Bxg5 28. Bxg5 Ne5 29. Be3 Rxd1+ 30. Qxd1 Qc6
31. Qd4 f6 32. Ra7 Re8 33. Qc5 Qxc5 34. Bxc5 c6 35. g3 h5 36. Kg2 Nd3=
1/2-1/2

[Event "Lapis Lazuli"]
[Site "SchemingMind.com"]
[Date "2006.10.25"]
[Round "-"]
[White "matein7"]
[Black "Nenad"]
[Result "1-0"]
[WhiteCountry "USA"]
[BlackCountry "SLO"]
[WhiteElo "2413"]
[WhiteRD "77"]
[BlackElo "2227"]
[BlackRD "72"]
[GameID "73154"]

1. e4 c6 2. c4 d5 3. exd5 cxd5 4. d4 Nf6 5. Nc3 e6 6. Nf3 Bb4 7. cxd5 Nxd5 8. Qc2 Nc6 9. a3 Ba5 10. Bd3 Nxc3
11. bxc3 Nxd4 12. Nxd4 Qxd4 13. O-O Qe5 14. Be3 Bc7 15. g3 Qh5 16. Rfb1 O-O 17. Be2 Qg6 18. Qa4 Qf5 19. Qc4 Be5 20. Bd3 Qf6
21. Rd1 Rd8 22. Be4 Bd6 23. Bc5 Bxc5 24. Qxc5 Bd7 25. Bxb7 Rab8 26. Qxa7 Qxc3 27. Rac1 Qb2 28. Rb1 Qe5 29. a4 Qc7 30. Rdc1 Qd6
31. a5 Bc8 32. Bxc8
1-0

[Event "Lapis Lazuli"]
[Site "SchemingMind.com"]
[Date "2006.10.23"]
[Round "-"]
[White "C. H. O'D. Schlechter"]
[Black "matein7"]
[Result "1/2-1/2"]
[WhiteCountry "USA"]
[BlackCountry "USA"]
[WhiteElo "2299"]
[WhiteRD "70"]
[BlackElo "2365"]
[BlackRD "75"]
[GameID "73155"]

1. e4 c5 2. Nc3 Nc6 3. g3 g6 4. Bg2 Bg7 5. d3 d6 6. f4 e6 7. Nf3 Nge7 8. O-O O-O 9. Be3 b6 10. d4 d5
11. exd5 Nf5 12. Bf2 Ncxd4 13. Ne5 exd5 14. Nxd5 Be6 15. c4 Rc8 16. Re1 b5 17. b3 Re8 18. Rb1 Rb8 19. Qd3 bxc4 20. bxc4 Rxb1
21. Qxb1 Nd6 22. Qd1 Qa5 23. Rf1 Kf8 24. Bxd4 cxd4 25. Qxd4 Rc8 26. Rc1 Qc5 27. Qxc5 Rxc5 28. Ne3=
1/2-1/2

[Event "Lapis Lazuli"]
[Site "SchemingMind.com"]
[Date "2006.10.23"]
[Round "-"]
[White "Chess Tiger"]
[Black "matein7"]
[Result "1/2-1/2"]
[WhiteCountry "GER"]
[BlackCountry "USA"]
[WhiteElo "2346"]
[WhiteRD "65"]
[BlackElo "2406"]
[BlackRD "75"]
[GameID "73156"]

1. e4 c5 2. Nf3 d6 3. d4 cxd4 4. Nxd4 Nf6 5. Nc3 a6 6. Be3 e5 7. Nb3 Be7 8. f3 Be6 9. Qd2 Nbd7 10. g4 O-O
11. O-O-O b5 12. g5 b4 13. Ne2 Ne8 14. f4 a5 15. f5 Bc4 16. Ng3 Bxf1 17. Rhxf1 a4 18. Na1 a3 19. b3 Kh8 20. h4 Rc8
21. Kb1 Nc7 22. Ne2 d5 23. exd5 Nb5 24. Rg1 Qc7 25. h5 e4 26. Bf4 Bd6 27. Bxd6 Qxd6 28. c4 bxc3 29. Qe3 Rfe8 30. Nc2 Ne5
31. h6 gxh6 32. Rh1 Rg8 33. Rxh6 Ng4 34. Rxh7+ Kxh7 35. Qh3+ Nh6 36. Qh4 Rxg5 37. Qxg5 Qh2 38. f6 Rg8 39. Qe3 Rg4 40. Rf1 Kg6
41. Nf4+ Kg5 42. Ne6+ Kg6 43. Nf4+=
1/2-1/2

[Event "Lapis Lazuli"]
[Site "SchemingMind.com"]
[Date "2006.10.25"]
[Round "-"]
[White "Nenad"]
[Black "matein7"]
[Result "1/2-1/2"]
[WhiteCountry "SLO"]
[BlackCountry "USA"]
[WhiteElo "2241"]
[WhiteRD "76"]
[BlackElo "2441"]
[BlackRD "81"]
[GameID "73157"]

1. e4 c5 2. Nc3 Nc6 3. g3 g6 4. Bg2 Bg7 5. d3 d6 6. Be3 Rb8 7. Qd2 b5 8. Nge2 b4 9. Nd1 Nf6 10. h3 O-O
11. O-O Qb6 12. f4 Nd4 13. g4 Nd7 14. f5 Bb7 15. g5 gxf5 16. Bxd4 cxd4 17. exf5 Bxg2 18. Kxg2 Rfc8 19. Kg1 Qc5 20. Rc1 Rb5
21. Ng3 Ra5 22. a3 bxa3 23. b4 Qe5 24. bxa5 Qxg3+ 25. Qg2 Qxg2+ 26. Kxg2 Rc5 27. a6 Ra5 28. Ra1 Ne5 29. f6 Bf8 30. fxe7 Bxe7
31. h4 d5 32. Rf5 Bd6 33. h5 a2 34. Kf1 Rxa6 35. Ke2 Ra5 36. Nb2 Kg7 37. Kd1 Bc7 38. Kd2 Nc6 39. Nd1 Bd8 40. Kc1 Nb4
41. Kb2 Rc5 42. Kb3 Rb5 43. Kb2 a6 44. Rxa2 Nxa2+ 45. Kxa2 h6 46. gxh6+=
1/2-1/2

[Event "Lapis Lazuli"]
[Site "SchemingMind.com"]
[Date "2006.10.23"]
[Round "-"]
[White "dmichael"]
[Black "C. H. O'D. Schlechter"]
[Result "1-0"]
[WhiteCountry "USA"]
[BlackCountry "USA"]
[WhiteElo "2360"]
[WhiteRD "71"]
[BlackElo "2365"]
[BlackRD "65"]
[GameID "73185"]

1. d4 d5 2. c4 e6 3. Nc3 c6 4. e3 Nf6 5. Nf3 Nbd7 6. Qc2 Bd6 7. Bd3 O-O 8. O-O dxc4 9. Bxc4 b5 10. Bd3 Bb7
11. a3 Re8 12. Bd2 Qe7 13. Rac1 e5 14. Ne4 Nxe4 15. Bxe4 Nf6 16. Bxc6 Rac8 17. dxe5 Rxc6 18. exd6 Qxd6 19. Qf5 Rxc1 20. Bxc1 a5
21. Nd4 g6 22. Qg5 Re5 23. Qh4 b4 24. axb4 axb4 25. f3 Nd5 26. Bd2 Re8 27. Re1 Rc8 28. Nb3 Rc2 29. e4 Ne7 30. Bf4 Qb6+
31. Be3 Qd6 32. Nd4 Rc5 33. Rd1 Nc6 34. Bf4 Qd8 35. Qxd8+ Nxd8 36. Bd6 Rc4 37. b3 Rc8 38. Bxb4 Nc6 39. Nxc6 Bxc6 40. Rd6 f5
41. e5 Bb5 42. e6 Rc1+ 43. Kf2 f4 44. g4 Rc2+ 45. Ke1 Re2+ 46. Kd1 Re3 47. Kc2 Re2+ 48. Bd2 Kf8 49. Rb6
1-0

[Event "Lapis Lazuli"]
[Site "SchemingMind.com"]
[Date "2006.10.23"]
[Round "-"]
[White "dmichael"]
[Black "Chess Tiger"]
[Result "1/2-1/2"]
[WhiteCountry "USA"]
[BlackCountry "GER"]
[WhiteElo "2302"]
[WhiteRD "78"]
[BlackElo "2360"]
[BlackRD "64"]
[GameID "73186"]

1. d4 d5 2. c4 e6 3. Nc3 Nf6 4. Bg5 Be7 5. e3 O-O 6. Nf3 h6 7. Bxf6 Bxf6 8. Rc1 c6 9. Bd3 Nd7 10. cxd5 exd5
11. O-O Be7 12. Qc2 Bd6 13. Rfe1 Nf6 14. a3 Re8 15. h3 Bd7 16. Rcd1 Qc7 17. e4 dxe4 18. Nxe4 Nxe4 19. Bxe4 Rad8 20. Rd2 Re6
21. d5 cxd5 22. Qxc7 Bxc7 23. Rxd5 Re7 24. Red1 Kf8 25. Bf5 Ke8 26. Bc2 a6 27. b4 g6 28. Bb3 Rc8 29. Rc5 Bb8 30. Rxc8+ Bxc8
31. Kf1 Bd7 32. Nd2 Bb5+ 33. Bc4 Bc6 34. Nb3 Rd7 35. Rxd7 Bxd7 36. Bd5 b6=
1/2-1/2

[Event "Lapis Lazuli"]
[Site "SchemingMind.com"]
[Date "2006.10.25"]
[Round "-"]
[White "dmichael"]
[Black "Nenad"]
[Result "1-0"]
[WhiteCountry "USA"]
[BlackCountry "SLO"]
[WhiteElo "2360"]
[WhiteRD "71"]
[BlackElo "2241"]
[BlackRD "76"]
[GameID "73187"]

1. d4 Nf6 2. c4 g6 3. g3 Bg7 4. Bg2 O-O 5. Nf3 d6 6. O-O Nbd7 7. Qc2 e5 8. Rd1 Qe7 9. Nc3 c6 10. b3 Re8
11. e4 exd4 12. Nxd4 a5 13. Rb1 Nc5 14. f3 Nfd7 15. Nce2 Ne5 16. h3 Na6 17. a3 a4 18. b4 Nc7 19. f4 Nd7 20. g4 c5
21. bxc5 Nxc5 22. Nc3 Bd7 23. Be3 Ra6 24. Qf2 Nb3 25. Ndb5 Be6 26. e5 dxe5 27. Rxb3 axb3 28. Bc5 Nxb5 29. cxb5 Qf6 30. bxa6 bxa6
31. Ne4 Qxf4 32. Qe2
1-0

[Event "Lapis Lazuli"]
[Site "SchemingMind.com"]
[Date "2006.10.23"]
[Round "-"]
[White "dmichael"]
[Black "matein7"]
[Result "1/2-1/2"]
[WhiteCountry "USA"]
[BlackCountry "USA"]
[WhiteElo "2263"]
[WhiteRD "80"]
[BlackElo "2352"]
[BlackRD "76"]
[GameID "73188"]

1. d4 Nf6 2. c4 e6 3. g3 d5 4. Nf3 dxc4 5. Bg2 a6 6. O-O Nc6 7. e3 Bd7 8. Qe2 b5 9. Rd1 Bd6 10. e4 e5
11. dxe5 Bxe5 12. Nc3 O-O 13. Bg5 h6 14. Bxf6 Bxf6 15. e5 Be7 16. a4 Rb8 17. axb5 axb5 18. Bh3 Bxh3 19. Rxd8 Rfxd8 20. Qe4 Nb4
21. Nd4 Bc5 22. Ncxb5 Nd3 23. Qh4 c6 24. Qxh3 cxb5 25. Nc6 Nxf2 26. Qh5 Rd2=
1/2-1/2

[Event "Lapis Lazuli"]
[Site "SchemingMind.com"]
[Date "2006.10.23"]
[Round "-"]
[White "C. H. O'D. Schlechter"]
[Black "dmichael"]
[Result "0-1"]
[WhiteCountry "USA"]
[BlackCountry "USA"]
[WhiteElo "2335"]
[WhiteRD "68"]
[BlackElo "2320"]
[BlackRD "79"]
[GameID "73189"]

1. e4 e6 2. d4 d5 3. Nc3 Bb4 4. e5 c5 5. Bd2 Ne7 6. Nb5 Bxd2+ 7. Qxd2 O-O 8. f4 a6 9. Nd6 cxd4 10. Nf3 Nbc6
11. Bd3 f6 12. O-O Bd7 13. Qe1 Qb6 14. a3 Qxb2 15. Rb1 Qxa3 16. Rxb7 Ra7 17. Qh4 h6 18. Rb3 Qa5 19. Qh5 Nf5 20. Bxf5 exf5
21. Nxf5 Be8 22. Qh3 Qc5 23. Rf2 fxe5 24. fxe5 Bg6 25. N3h4 d3 26. Qxd3 Bxf5 27. Nxf5 Nxe5 28. Qd4 Qxd4 29. Nxd4 Rxf2 30. Kxf2 a5
31. Rb5 Ng4+ 32. Kg3 Nf6 33. Nc6 Rc7 34. Nxa5 Rxc2 35. Nb3 g5 36. h3 Ne4+ 37. Kh2 Rb2
0-1

[Event "Lapis Lazuli"]
[Site "SchemingMind.com"]
[Date "2006.10.23"]
[Round "-"]
[White "Chess Tiger"]
[Black "dmichael"]
[Result "1-0"]
[WhiteCountry "GER"]
[BlackCountry "USA"]
[WhiteElo "2346"]
[WhiteRD "65"]
[BlackElo "2276"]
[BlackRD "78"]
[GameID "73190"]

1. e4 e6 2. d4 d5 3. Nd2 Be7 4. Bd3 c5 5. dxc5 Nd7 6. exd5 exd5 7. b4 a5 8. a3 b6 9. c6 Ne5 10. b5 Bf6
11. Ra2 Ne7 12. Ngf3 O-O 13. Nxe5 Bxe5 14. O-O Qd6 15. Nf3 Bg4 16. h3 Bxf3 17. Qxf3 Ng6 18. Rd1 d4 19. g3 Qe6 20. Ra1 Qxh3
21. Bf5 Nh4 22. Bxh3 Nxf3+ 23. Kg2 d3 24. Ra2 d2 25. Bxd2 Nxd2 26. Rxd2 g6 27. Bd7 Bc7 28. c4 Kg7 29. Rac2 Rab8 30. a4 f5
31. c5
1-0

[Event "Lapis Lazuli"]
[Site "SchemingMind.com"]
[Date "2006.10.26"]
[Round "-"]
[White "Nenad"]
[Black "dmichael"]
[Result "1/2-1/2"]
[WhiteCountry "SLO"]
[BlackCountry "USA"]
[WhiteElo "2235"]
[WhiteRD "76"]
[BlackElo "2320"]
[BlackRD "79"]
[GameID "73191"]

1. e4 e6 2. d4 d5 3. Nc3 Bb4 4. e5 c5 5. a3 Bxc3+ 6. bxc3 Ne7 7. Qg4 O-O 8. Bd3 Nbc6 9. Qh5 Nf5 10. Nf3 f6
11. g4 c4 12. gxf5 cxd3 13. Rg1 Ne7 14. exf6 Rxf6 15. Rxg7+ Kxg7 16. Qg5+ Ng6 17. fxg6 hxg6 18. Bf4 dxc2 19. Be5 Bd7 20. Kd2 Qe7
21. Rg1 c1=Q+ 22. Kxc1=
1/2-1/2

[Event "Lapis Lazuli"]
[Site "SchemingMind.com"]
[Date "2006.10.23"]
[Round "-"]
[White "matein7"]
[Black "dmichael"]
[Result "1/2-1/2"]
[WhiteCountry "USA"]
[BlackCountry "USA"]
[WhiteElo "2352"]
[WhiteRD "76"]
[BlackElo "2263"]
[BlackRD "80"]
[GameID "73192"]

1. e4 e6 2. d4 d5 3. Nc3 Bb4 4. e5 c5 5. a3 Bxc3+ 6. bxc3 Ne7 7. Qg4 O-O 8. Bd3 Nbc6 9. Qh5 Ng6 10. Nf3 Qc7
11. Be3 c4 12. Bxg6 fxg6 13. Qg4 Bd7 14. h4 Rf5 15. h5 gxh5 16. Rxh5 Rxh5 17. Qxh5 Be8 18. Qg4 Qd7 19. Nh4 Ne7 20. Kf1 Bg6
21. Nxg6 Nxg6 22. g3 Rf8 23. Kg2 Qe8 24. Bc1 b5 25. Be3 Rf7 26. Rh1 Nf8 27. Qh4 Rb7 28. Qg4 Qd8 29. Qd1 Qc7 30. Qb1= Qf7
31. Qd1 a6 32. Qe2=
1/2-1/2

[Event "Lapis Lazuli"]
[Site "SchemingMind.com"]
[Date "2006.10.29"]
[Round "-"]
[White "Apocalypse"]
[Black "C. H. O'D. Schlechter"]
[Result "0-1"]
[WhiteCountry "USA"]
[BlackCountry "USA"]
[WhiteElo "1863"]
[WhiteRD "66"]
[BlackElo "2320"]
[BlackRD "65"]
[GameID "73352"]

1. e4 c6 2. d4 d5 3. f3 dxe4 4. fxe4 e5 5. Nf3 Be6 6. c3 Nf6 7. Bd3 Nbd7 8. O-O Bd6 9. Ng5 Qb6 10. Nxe6 fxe6
11. Nd2 exd4 12. Nc4 Qc7
0-1

[Event "Lapis Lazuli"]
[Site "SchemingMind.com"]
[Date "2006.10.29"]
[Round "-"]
[White "Apocalypse"]
[Black "Chess Tiger"]
[Result "0-1"]
[WhiteCountry "USA"]
[BlackCountry "GER"]
[WhiteElo "1863"]
[WhiteRD "66"]
[BlackElo "2359"]
[BlackRD "68"]
[GameID "73353"]

1. e4 e5 2. Nc3 Nf6 3. f4 d5 4. d3 exf4 5. e5 d4 6. Nce2 Nd5 7. Nxf4 Bb4+ 8. Kf2 Nc6 9. Nf3 O-O 10. Kg1 Re8
11. Nxd5 Qxd5 12. Bf4 Bg4
0-1

[Event "Lapis Lazuli"]
[Site "SchemingMind.com"]
[Date "2006.10.29"]
[Round "-"]
[White "Apocalypse"]
[Black "matein7"]
[Result "0-1"]
[WhiteCountry "USA"]
[BlackCountry "USA"]
[WhiteElo "1863"]
[WhiteRD "66"]
[BlackElo "2403"]
[BlackRD "75"]
[GameID "73355"]

1. e4 c5 2. Nf3 d6 3. d4 cxd4 4. Nxd4 Nf6 5. f3 e5 6. Bb5+ Nbd7 7. Nf5 d5 8. exd5 a6 9. Bxd7+ Qxd7 10. Ne3 b5
11. a4 Bb7 12. axb5 axb5
0-1

[Event "Lapis Lazuli"]
[Site "SchemingMind.com"]
[Date "2006.10.29"]
[Round "-"]
[White "C. H. O'D. Schlechter"]
[Black "Apocalypse"]
[Result "1-0"]
[WhiteCountry "USA"]
[BlackCountry "USA"]
[WhiteElo "2320"]
[WhiteRD "65"]
[BlackElo "1863"]
[BlackRD "66"]
[GameID "73357"]

1. d4 Nf6 2. c4 e6 3. Nc3 Bb4 4. Qc2 O-O 5. a3 Bxc3+ 6. Qxc3 h6 7. g3 Ne4 8. Qd3 Nf6 9. Nf3 d6 10. g4 Nxg4
11. Rg1 h5 12. h3
1-0

[Event "Lapis Lazuli"]
[Site "SchemingMind.com"]
[Date "2006.10.29"]
[Round "-"]
[White "Chess Tiger"]
[Black "Apocalypse"]
[Result "1-0"]
[WhiteCountry "GER"]
[BlackCountry "USA"]
[WhiteElo "2359"]
[WhiteRD "68"]
[BlackElo "1863"]
[BlackRD "66"]
[GameID "73358"]

1. e4 c5 2. Nf3 d6 3. d4 cxd4 4. Nxd4 Nf6 5. Nc3 a6 6. Be3 e6 7. g4 e5 8. Nf5 g6 9. g5 gxf5 10. exf5 d5
11. gxf6 d4 12. Bc4 Qc7 13. Qd3 dxc3 14. O-O-O Nc6 15. Rhe1 cxb2+ 16. Kb1
1-0

[Event "Lapis Lazuli"]
[Site "SchemingMind.com"]
[Date "2006.10.29"]
[Round "-"]
[White "matein7"]
[Black "Apocalypse"]
[Result "1-0"]
[WhiteCountry "USA"]
[BlackCountry "USA"]
[WhiteElo "2403"]
[WhiteRD "75"]
[BlackElo "1863"]
[BlackRD "66"]
[GameID "73360"]

1. e4 c5 2. Nf3 d6 3. d4 cxd4 4. Nxd4 Nf6 5. Nc3 a6 6. Be3 e6 7. g4 e5 8. Nf5 g6 9. g5 gxf5 10. exf5 d5
11. gxf6 d4 12. Bc4 Qc7 13. Qd3 dxc3 14. O-O-O Nc6 15. Rhe1 cxb2+ 16. Kxb2
1-0

[Event "Lapis Lazuli"]
[Site "SchemingMind.com"]
[Date "2006.10.24"]
[Round "-"]
[White "chesshub"]
[Black "dmichael"]
[Result "1/2-1/2"]
[WhiteCountry "FRA"]
[BlackCountry "USA"]
[WhiteElo "2349"]
[WhiteRD "71"]
[BlackElo "2360"]
[BlackRD "71"]
[GameID "73511"]

1. e4 e6 2. d4 d5 3. Nc3 Bb4 4. e5 c5 5. a3 Bxc3+ 6. bxc3 Ne7 7. Qg4 O-O 8. Bd3 Nbc6 9. Qh5 Ng6 10. Nf3 Nce7
11. O-O c4 12. Bxg6 fxg6 13. Qh4 Nf5 14. Qh3 Qa5 15. Bd2 Bd7 16. Rfb1 b5 17. Qg4 Qa4 18. Ra2 Qa6 19. Qh3 Qa5 20. Bc1 a6
21. Bd2 h6 22. Qg4 g5 23. h4 gxh4 24. Nxh4 Nxh4 25. Qxh4 Rf7 26. Qg3 Kh7 27. f3 Raf8 28. a4 bxa4 29. Qh3 Rf5 30. Rab2 Bb5
31. Rf1 Qd8 32. g4 Rg5 33. f4 Rg6 34. Kh2 Kg8 35. Bc1 Bd7 36. Rb1 Rf7 37. Ba3 Kh7 38. Rf3 Qc7=
1/2-1/2

[Event "Lapis Lazuli"]
[Site "SchemingMind.com"]
[Date "2006.10.27"]
[Round "-"]
[White "chesshub"]
[Black "C. H. O'D. Schlechter"]
[Result "1/2-1/2"]
[WhiteCountry "FRA"]
[BlackCountry "USA"]
[WhiteElo "2341"]
[WhiteRD "69"]
[BlackElo "2362"]
[BlackRD "68"]
[GameID "73512"]

1. d4 d6 2. e4 Nf6 3. Nc3 e5 4. Nf3 Nbd7 5. Bc4 Be7 6. O-O O-O 7. Re1 h6 8. h3 c6 9. a4 a5 10. Ba2 Re8
11. Be3 Qc7 12. Nh4 Nf8 13. Qf3 exd4 14. Bxd4 Ne6 15. Be3 Ng5 16. Bxg5 hxg5 17. Nf5 Bxf5 18. Qxf5 Bf8 19. Qf3 Re5 20. Re3 Rae8
21. Rae1 Qd7 22. Rd1 g4=
1/2-1/2

[Event "Lapis Lazuli"]
[Site "SchemingMind.com"]
[Date "2006.10.25"]
[Round "-"]
[White "chesshub"]
[Black "Chess Tiger"]
[Result "1/2-1/2"]
[WhiteCountry "FRA"]
[BlackCountry "GER"]
[WhiteElo "2338"]
[WhiteRD "72"]
[BlackElo "2346"]
[BlackRD "65"]
[GameID "73514"]

1. d4 d5 2. c4 e6 3. Nf3 Nf6 4. Nc3 Be7 5. Bg5 O-O 6. e3 h6 7. Bh4 Ne4 8. Bxe7 Qxe7 9. Rc1 c6 10. Bd3 Nxc3
11. Rxc3 dxc4 12. Bxc4 Nd7 13. O-O b6 14. Bd3 c5 15. Be4 Rb8 16. Qa4 Nf6 17. Bc6 cxd4 18. exd4 a6 19. Rfc1 Bb7 20. Bxb7 Qxb7
21. Qc2 Nd5 22. Rc4 Nf4=
1/2-1/2

[Event "Lapis Lazuli"]
[Site "SchemingMind.com"]
[Date "2006.10.25"]
[Round "-"]
[White "chesshub"]
[Black "Nenad"]
[Result "0-1"]
[WhiteCountry "FRA"]
[BlackCountry "SLO"]
[WhiteElo "2314"]
[WhiteRD "72"]
[BlackElo "2276"]
[BlackRD "84"]
[GameID "73515"]

1. e4 e5 2. Nf3 Nc6 3. Bb5 a6 4. Ba4 Nf6 5. O-O Be7 6. Re1 b5 7. Bb3 d6 8. c3 O-O 9. d3 Na5 10. Bc2 c5
11. Nbd2 Nc6 12. Nf1 Re8 13. h3 h6 14. Ng3 Be6 15. d4 cxd4 16. cxd4 exd4 17. Nxd4 Nxd4 18. Qxd4 Rc8 19. Bb3 d5 20. e5 Nd7
21. Nh5 Bc5 22. Qf4 g5 23. Qg3 Bf5 24. h4 Bg6 25. hxg5 Bxh5 26. gxh6+ Bg6 27. Bxd5 Nf8 28. Bb7 Rc7 29. Be4 Qd4 30. Bf3 Ne6
31. Rd1 Qb4 32. Bd5 Rd7 33. Kh2 Bd4 34. Bb3 Kh7 35. Bd2 Qc5 36. f4 Rg8 37. Bxe6 fxe6 38. Qf3 Qd5 39. Qxd5 Rxd5
0-1

[Event "Lapis Lazuli"]
[Site "SchemingMind.com"]
[Date "2006.10.25"]
[Round "-"]
[White "chesshub"]
[Black "matein7"]
[Result "1/2-1/2"]
[WhiteCountry "FRA"]
[BlackCountry "USA"]
[WhiteElo "2338"]
[WhiteRD "72"]
[BlackElo "2406"]
[BlackRD "75"]
[GameID "73516"]

1. d4 Nf6 2. c4 e6 3. Nf3 b6 4. g3 Ba6 5. b3 Bb4+ 6. Bd2 Be7 7. Nc3 O-O 8. e4 d5 9. cxd5 Bxf1 10. Kxf1 exd5
11. e5 Ne4 12. Kg2 Nxc3 13. Bxc3 Qd7 14. Re1 Nc6 15. Qd3 a5 16. Rac1 Nd8 17. a4 Ne6 18. Bd2 Rfb8 19. Qb5 Qxb5 20. axb5 a4
21. bxa4 Rxa4 22. Rc2 Bb4 23. Rd1 Bxd2 24. Rdxd2 Rba8 25. Ng1 Rb4 26. f4 g6 27. Ne2 Rxb5 28. g4 c5 29. dxc5 Rxc5 30. Rxc5 bxc5
31. Rxd5 Ra2 32. Kf3 h5 33. h3 Rxe2 34. f5 gxf5 35. gxf5 Rc2 36. fxe6 fxe6 37. Rd7 Rc3+=
1/2-1/2